000
00276nam a22001217a 4500
082
_a
030
_b
FUN-S-2
100
_a
FUNK
100
_a
WAGNALLS
245
_a
NEW ENCYCLOPEDIA OF SCIENCE
260
_a
WISCONSIN
_b
RAINTREE PUBLISHERS
650
_a
ENCYCLOPEDIA
_z
AMERICA
942
_c
BK
999
_c
1937
_d
1937